Escalofríos : (Registro nro. 10311)

Detalles MARC
000 -LIDER
fixed length control field 00778nam a22002537a 4500
001 - NÚMERO DE CONTROL
Identificador de número de control 00500
003 - IDENTIFICACDOR DE NÚMERO DE CONTROL
control field DO-SdBNP
005 - DATE AND TIME OF LATEST TRANSACTION
control field 20160608112259.0
007 - CAMPOS FIJOS DE DESCRIPCIÓN FÍSICA
fixed length control field 00500
008 - ELEMENTOS DE LONGITUD FIJA
fixed length control field 160608b mx 1998||||| |||| 00| 0 spa d
020 ## - ISBN
International Standard Book Number 9789580447603
040 ## - FUENTE DE CATALOGACIÓN
Agencia que crea de manera original el registro BPMSU
Idioma de catalogación spa
Agencia que realiza la transcripción BPMSU
092 ## - LOCALLY ASSIGNED DEWEY DECIMAL CALL NUMBER
Número de clasificación xxxxxxxxx
Número de ítem (Cutter) xxxxxxxx
100 1# - ASIENTO PRINCIPAL -- NOMBRE PERSONAL
Nombre personal Stine, R. L.
245 1# - MENCIÓN DE TITULO
Título Escalofríos :
Subtítulo la leyenda de la leyenda perdida /
Mención de responsabilidad R. L. Stine ; traducción Juan Fernando Esguerra ; edición María Candelaria Posada
260 ## - PUBLICACIÓN, DISTRIBUCIÓN, ETC. (PIE DE IMPRENTA)
Lugar de publicación, distribución, etc México :
Nombre del editor, distribuidor, etc. Norma,
Fecha de publicación, distribución, etc 1998.
300 ## - DESCRIPCIÓN FÍSICA
Extensión 134 p. :
Dimensiones 19 cm.
490 1# - MENCIÓN DE SERIES
Mención de serie Goosebumps
Volume/sequential designation 42
700 1# - ASIENTO SECUNDARIO -- NOMBRE PERSONAL
Nombre personal Esguerra, Juan Fernando,
Mención de responsabilidad tr.
700 1# - ASIENTO SECUNDARIO -- NOMBRE PERSONAL
Nombre personal Posada, María Candelaria,
Mención de responsabilidad ed.
830 0# - ASIENTO SECUNDARIO DE SERIE--TÍTULO UNIFORME
Título uniforme Goosebumps
Número de la parte o sección de una obra 42
942 ## - ADDED ENTRY ELEMENTS (KOHA)
Source of classification or shelving scheme Dewey Decimal Classification
Koha item type Libros
956 ## - LOCAL ELECTRONIC LOCATION AND ACCESS (OCLC)
Nombre de host BTAVÄREZ
Número de acceso 10
Información de compresión 080620160
Trayectoria 00500
Existencias
Withdrawn status Lost status Source of classification or shelving scheme Damaged status Not for loan Collection code Home library Current library Date acquired Source of acquisition Total Checkouts Barcode Date last seen Price effective from Koha item type
    Dewey Decimal Classification     Colección General Biblioteca Pública Metropolitana Salomé Ureña Biblioteca Pública Metropolitana Salomé Ureña 06/08/2016 Donación   BPMSU16060102 06/08/2016 06/08/2016 Libros